00337nam a22001097a 4500008004100000082001500041100000800056245009400064260004600158300000900204440001400213230621b xxu||||| |||| 00| 0 eng d a328.4bSOC cSOC aThe Table bThe Journal of the Society of Clerks-at-the-table in Commonwealth Parliaments aLondonbDavid Batt and Gavin Devinec1998 a216p vvolume 66